000 00536nam a22002057a 4500
003 koha_MIRAKIL
005 20231213100254.0
008 231213b |||||||| |||| 00| 0 ||| d
020 _b978-9-75050199-9
040 _aTR-IsEVY
_btur
_cTR-IsEVY
082 _aFIC SİM/F
100 _aSimon, Francesca.
245 0 _aFelaket Henry
250 _a8. bs.
260 _bİletişim Yayınları ,
_c2013
300 _a96 s.
650 _aChildren's literature -- Fiction.
650 _aÇocuk edebiyatı -- Roman.
942 _2ddc
_cBK
999 _c17300
_d17300